100 Biggest Cities of Appalachia with a Map - Statistics

General Stats
  • This quiz has been taken 527 times
  • The average score is 27 of 100
Answers on the Map
Answers color-coded by a green-red scale on the quiz's map according to % correct below.
 
Answer Stats
Population State City % Correct
303,255 PA Pittsburgh
98%
46,838 WV Charleston
89%
92,957 PA Erie
88%
196,644 AL Birmingham
85%
198,162 TN Knoxville
83%
187,030 TN Chattanooga
78%
225,564 AL Huntsville
76%
75,805 PA Scranton
72%
252,975 NC Winston-Salem
68%
95,056 NC Asheville
67%
26,208 WV Wheeling
62%
72,824 SC Greenville
60%
111,338 AL Tuscaloosa
58%
59,108 OH Youngstown
58%
30,429 WV Morgantown
56%
30,904 AL Athens
52%
24,673 OH Athens
52%
45,325 WV Huntington
52%
44,254 PA Wilkes-Barre
48%
73,337 TN Johnson City
46%
46,727 NY Binghamton
45%
32,724 NY Ithaca
42%
39,040 SC Spartanburg
40%
42,788 PA Altoona
39%
43,553 MD Hagerstown
39%
27,854 TN Bristol
38%
40,687 PA State College
37%
45,485 VA Blacksburg
36%
23,035 MS Columbus
36%
29,208 WV Parkersburg
36%
58,321 AL Decatur
35%
56,704 TN Kingsport
34%
37,675 MS Tupelo
34%
38,111 GA Rome
33%
92,448 AL Hoover
29%
42,437 AL Florence
28%
27,470 PA Williamsport
28%
49,086 TN Cleveland
27%
26,176 NY Elmira
26%
19,811 NC Boone
25%
37,206 KY Richmond
24%
44,415 NC Hickory
23%
27,965 NY Jamestown
23%
60,854 AL Madison
23%
21,154 KY Ashland
22%
24,651 OH Zanesville
22%
22,078 AL Oxford
21%
36,857 GA Canton
20%
38,751 OH Warren
20%
33,229 AL Gadsden
18%
29,980 SC Anderson
17%
34,508 GA Dalton
17%
21,895 OH Chillicothe
15%
47,265 GA Gainesville
15%
33,397 TN Oak Ridge
15%
25,444 MS Starkville
14%
36,657 TN Cookeville
13%
30,037 PA Hazleton
13%
32,099 TN Morristown
13%
21,413 PA New Castle
13%
21,167 AL Anniston
12%
25,037 AL Bessemer
12%
22,542 VA Christiansburg
12%
44,387 SC Greer
10%
32,436 TN Maryville
10%
27,974 PA Monroeville
10%
22,010 NC Shelby
10%
34,107 AL Alabaster
9%
32,398 PA Bethel Park
8%
31,015 GA Lawrenceville
8%
26,391 PA Plum
8%
38,020 AL Vestavia Hills
8%
19,913 AL Cullman
7%
32,350 GA Duluth
7%
25,579 TN Farragut
7%
28,016 NC Kernersville
7%
31,111 AL Northport
7%
21,001 TN Tullahoma
7%
27,793 GA Carrollton
6%
24,937 GA Cartersville
6%
21,961 TN East Ridge
6%
28,010 SC Mauldin
6%
39,049 GA Douglasville
5%
26,386 SC Easley
5%
27,758 AL Homewood
5%
21,737 AL Mountain Brook
5%
42,136 GA Peachtree Corners
5%
26,770 AL Trussville
5%
38,473 GA Woodstock
5%
23,031 AL Albertville
4%
20,708 PA Baldwin
4%
22,159 NC Clemmons
4%
20,745 PA Murrysville
4%
25,121 AL Pelham
4%
27,506 SC Simpsonville
4%
22,117 AL Helena
3%
22,067 GA Snellville
3%
25,889 GA Sugar Hill
3%
22,913 GA Suwanee
3%
19,669 GA Winder
3%
No matching quizzes found
Score Distribution
Percent of People with Each Score
Percentile by Number Answered
Your Score History
You have not taken this quiz